000 00349nam a2200133Ia 4500
008 210210b1969 xxu||||| |||| 00| 0 eng d
082 _a306.0954 RAOS
100 _aRAO (S J Ramachandra).
245 _aSocial institutions among the Hindus.
260 _aMysore
_bRao & Raghavan.
_c1969
300 _a85
690 _aIndian Society
906 _a032776
999 _c83740
_d83740